00422nam a22001097a 4500008004100000040005500041080001800096245014100114260003500255300001000290650001200300230607b |||||||| |||| 00| 0 eng d aNational Science LibrarycNational Science Library a53(082.2)bN7 aProgress and partnership through physics c/ Sponsored By University Grants Commission and Council Of Scientific and Industrial Research aDelhi: bDepartment of Physics a103p. aSeminar